书目信息 |
| 题名: |
最新德国景观设计
|
|
| 作者: | 内尔特 编 ;丁小荣 , 李琴 译 | |
| 分册: | ||
| 出版信息: | 福州 福建科学技术出版社 2004.10 |
|
| 页数: | 327页 | |
| 开本: | 31cm | |
| 丛书名: | ||
| 单 册: | ||
| 中图分类: | TU206 | |
| 科图分类: | ||
| 主题词: | 景观--jing guan--园林设计--德国--现代--作品集 | |
| 电子资源: | ||
| ISBN: | 7-5335-2434-9 | |
| 000 | 01287nam0 2200301 450 | |
| 001 | 012007405939 | |
| 005 | 20071218092309.81 | |
| 010 | @a7-5335-2434-9@b精装@dCNY290.00 | |
| 100 | @a20071217d2004 km y0chiy0120 ea | |
| 101 | 2 | @achi@ager@cger |
| 102 | @aCN@b350000 | |
| 105 | @aac z 000yy | |
| 106 | @ar | |
| 200 | 1 | @a最新德国景观设计@Azui xin de guo jing guan she ji@d= Landscape architecture in Germany@f(德) Hans-Martin Nelte编@F(de)Hans-Martin Nelte bian@g丁小荣, 李琴译@Gding xiao rong,li qin yi@zeng |
| 210 | @a福州@c福建科学技术出版社@d2004.10 | |
| 215 | @a327页@c彩图, 肖像@d31cm | |
| 306 | @a本书中文简体字版经Verlag H. M. Nelte正式授权福建科学技术出版社出版、发行。 | |
| 312 | @a原著为德英对照形式,本书责任编辑选取英文题名作为原书名,正文为德汉对照形式。 | |
| 314 | @a责任者规范汉译姓: 内尔特 | |
| 330 | @a本书收入德国最新的景观设计方案317件,通过这些作品,可以看到德国景观设计师的设计风格。书后附有德国设计师(机构)名录。 | |
| 510 | 1 | @aLandscape architecture in Germany@zeng |
| 606 | 0 | @a景观@Ajing guan@x园林设计@y德国@z现代@j作品集 |
| 690 | @aTU206@v4 | |
| 701 | 1 | @a内尔特@Anei er te@g(Nelte, Hans-Martin)@4编 |
| 702 | 0 | @a丁小荣@Ading xiao rong@4译 |
| 702 | 0 | @a李琴@Ali qin@4译 |
| 801 | 0 | @aCN@bQSSK@c20071218 |
| 905 | @b271172@dTU206@eN296@f1 | |
| 最新德国景观设计= Landscape architecture in Germany/(德) Hans-Martin Nelte编/丁小荣, 李琴译.-福州:福建科学技术出版社,2004.10 |
| 327页:彩图, 肖像;31cm |
| ISBN 7-5335-2434-9(精装):CNY290.00 |
| 本书收入德国最新的景观设计方案317件,通过这些作品,可以看到德国景观设计师的设计风格。书后附有德国设计师(机构)名录。 |
| ● |
| 相关链接 |
|
|
|
正题名:最新德国景观设计
索取号:TU206/N296
 
预约/预借
| 序号 | 登录号 | 条形码 | 馆藏地/架位号 | 状态 | 备注 |
| 1 | 271172 | 202711725 | 建筑库101/101建筑库 42排4列1层/ [索取号:TU206/N296] | 在馆 |